Posolstvo encykliky Jana Pavla II. Laborem exercens pre súčasnú dobu
Človek a práca. Konflikt medzi prácou a kapitálom. Pápežské encykliky ako najvýznamnejšie cirkevné dokumenty. Ecyklika Laborem exercens.
Guardado en:
| Autor principal: | |
|---|---|
| Formato: | Capítulo de libro |
| Lenguaje: | eslovaco |
| Materias: | |
| Etiquetas: |
Sin Etiquetas, Sea el primero en etiquetar este registro!
|
MARC
| LEADER | 00000naa a2200000 4500 | ||
|---|---|---|---|
| 001 | 0126353 | ||
| 005 | 20240502072436.0 | ||
| 041 | 0 | |a slo | |
| 044 | |a SK | ||
| 245 | 1 | 0 | |a Posolstvo encykliky Jana Pavla II. Laborem exercens pre súčasnú dobu |c Marián Vongrej |
| 520 | |a Človek a práca. Konflikt medzi prácou a kapitálom. Pápežské encykliky ako najvýznamnejšie cirkevné dokumenty. Ecyklika Laborem exercens. | ||
| 610 | 2 | 0 | |a náboženstvo |
| 610 | 2 | 0 | |a práca |
| 610 | 2 | 0 | |a kapitál |
| 610 | 2 | 0 | |a filozofia |
| 100 | 1 | |a Vongrej, Marián | |